Le conflit entre l'Espagne et le Pérou / (Record no. 161712)

MARC details
000 -LEADER
campo de control de longitud fija 00808nam a22002295i 4500
001 - NÚMERO DE CONTROL
campo de control 161712
003 - IDENTIFICADOR DE NÚMERO DE CONTROL
campo de control ES-MaACL
005 - FECHA Y HORA DE LA ÚLTIMA TRANSACCIÓN
campo de control 20250603185438.0
008 - DATOS DE LONGITUD FIJA--INFORMACIÓN GENERAL
campo de control de longitud fija 041025s1864 fr |||| | fre d
080 ## - NÚMERO DE LA CLASIFICACIÓN DECIMAL UNIVERSAL
Número de la Clasificación Decimal Universal 94(85)"1865/66"
080 ## - NÚMERO DE LA CLASIFICACIÓN DECIMAL UNIVERSAL
Número de la Clasificación Decimal Universal 327(460:85)
080 ## - NÚMERO DE LA CLASIFICACIÓN DECIMAL UNIVERSAL
Número de la Clasificación Decimal Universal 327(85:460)
100 1# - ENTRADA PRINCIPAL--NOMBRE DE PERSONA
Nombre de persona Peral, J. del.
9 (RLIN) 130981
245 13 - MENCIÓN DEL TÍTULO
Título Le conflit entre l'Espagne et le Pérou /
Mención de responsabilidad, etc. par J. del Peral.
260 ## - PUBLICACIÓN, DISTRIBUCIÓN, ETC.
Lugar de publicación, distribución, etc. Paris :
Nombre del editor, distribuidor, etc. [s.n.],
Fecha de publicación, distribución, etc. 1864 (
Fabricante Imp. Balitout, Questroy et ce)
300 ## - DESCRIPCIÓN FÍSICA
Extensión 30 p. ;
Dimensiones 23 cm.
651 #4 - PUNTO DE ACCESO ADICIONAL DE MATERIA--NOMBRE GEOGRÁFICO
Nombre geográfico Perú-
Subdivisión general Historia-
Subdivisión cronológica 1864, Cuestión española.
9 (RLIN) 153882
651 #7 - PUNTO DE ACCESO ADICIONAL DE MATERIA--NOMBRE GEOGRÁFICO
Nombre geográfico España-
Subdivisión general Relaciones-
Subdivisión geográfica Perú
Fuente del encabezamiento o término
9 (RLIN) 153883
651 #4 - PUNTO DE ACCESO ADICIONAL DE MATERIA--NOMBRE GEOGRÁFICO
Nombre geográfico Perú-
Subdivisión general Relaciones-
Subdivisión geográfica España.
9 (RLIN) 153884
852 4# - LOCALIZACIÓN
Ubicación ES-MaACL
Número de control de estantería T-77-F-1
Nota libre - Enc. hol., falto de cub. original
-- - Enc. en un vol. facticio
Holdings
Estatus retirado Estado de pérdida Estado de daño No para préstamo Colección Biblioteca de origen Biblioteca actual Ubicación en estantería Fecha de adquisición Total de préstamos Signatura topográfica completa Código de barras Visto por última vez Precio de reemplazo Tipo de ítem Koha
        Colección de folletos Biblioteca del Ateneo de Madrid Biblioteca del Ateneo de Madrid Depósito folletos 17/01/2008   T-77-F-1 1169395 23/02/2023 23/02/2023 Folleto